e-Commerce (Record no. 13285)

MARC details
000 -LEADER
fixed length control field 00405nam a22001697a 4500
003 - CONTROL NUMBER IDENTIFIER
control field OSt
008 - FIXED-LENGTH DATA ELEMENTS--GENERAL INFORMATION
fixed length control field 250414b |||||||| |||| 00| 0 eng d
020 ## - INTERNATIONAL STANDARD BOOK NUMBER
International Standard Book Number 9789395161480
082 ## - DEWEY DECIMAL CLASSIFICATION NUMBER
Classification number 381.142 GOE
100 ## - MAIN ENTRY--PERSONAL NAME
Personal name GOEL, Ritendra
245 ## - TITLE STATEMENT
Title e-Commerce
250 ## - EDITION STATEMENT
Edition statement 2nd. ed.
260 ## - PUBLICATION, DISTRIBUTION, ETC. (IMPRINT)
Place of publication, distribution, etc New Delhi,
Name of publisher, distributor, etc New Age International Pvt. Ltd.,
Date of publication, distribution, etc 2023,
300 ## - PHYSICAL DESCRIPTION
Extent 200 p.
650 ## - SUBJECT ADDED ENTRY--TOPICAL TERM
Topical term or geographic name as entry element Commerce
942 ## - ADDED ENTRY ELEMENTS (KOHA)
Source of classification or shelving scheme Dewey Decimal Classification
Koha item type Text Books
Holdings
Withdrawn status Lost status Source of classification or shelving scheme Damaged status Not for loan Collection code Home library Current library Date acquired Source of acquisition Currency Cost, normal purchase price Bill Number Total Checkouts Full call number Acc. no. / Barcode Date last seen Actual Cost, discounted price Bill Date Koha item type Date last borrowed
    Dewey Decimal Classification     B.Com. Hons PIET NCR College Library PIET NCR College Library 11/04/2025 Zafaa Books & Distributers In Rupees 399.00 ZBD0025   381.142 GOE N3895 14/04/2025 271.32 11/04/2025 Reference Books  
    Dewey Decimal Classification     B.Com. Hons PIET NCR College Library PIET NCR College Library 11/04/2025 Zafaa Books & Distributers In Rupees 399.00 ZBD0025   381.142 GOE N3896 14/04/2025 271.32 11/04/2025 Text Books  
    Dewey Decimal Classification     B.Com. Hons PIET NCR College Library PIET NCR College Library 11/04/2025 Zafaa Books & Distributers In Rupees 399.00 ZBD0025   381.142 GOE N3897 14/04/2025 271.32 11/04/2025 Text Books  
    Dewey Decimal Classification     B.Com. Hons PIET NCR College Library PIET NCR College Library 11/04/2025 Zafaa Books & Distributers In Rupees 399.00 ZBD0025 1 381.142 GOE N3898 15/05/2026 271.32 11/04/2025 Text Books 13/05/2026
    Dewey Decimal Classification     B.Com. Hons PIET NCR College Library PIET NCR College Library 11/04/2025 Zafaa Books & Distributers In Rupees 399.00 ZBD0025 1 381.142 GOE N3899 06/05/2025 271.32 11/04/2025 Text Books 19/04/2025

Design & Developed by: PIET Central Library
R70 Miles Stone Pattikalyana Samalkha Panipat 132102
mail ID :- [email protected], Phone No:- 0180-2569700 Ex.216